[Event "12th KIIT International 2019"]
[Site "Odisha"]
[Date "2019.06.05"]
[Round "8.16"]
[White "Senthil Maran K"]
[Black "Manik, Mikulas"]
[Result "0-1"]
[WhiteElo "2187"]
[BlackElo "2399"]
[Annotator "TA"]
[PlyCount "66"]
[EventDate "2019.05.31"]
[EventType "swiss"]
[EventCountry "IND"]
[SourceTitle "playchess.com"]
[Source "ChessBase"]
[SourceQuality "1"]

{[%evp 9,66,6,4,2,6,-50,-41,-50,-39,-84,-94,-97,-89,-73,-85,-121,-103,-105,-90,-82,-90,-101,-98,-109,-55,-96,-92,-95,-84,-91,-85,-77,-64,-68,-77,-149,-147,-152,-147,-153,-153,-142,-132,-268,-268,-266,-277,-740,-739,-955,-955,-946,-929,-1071,-1054,-1197,-1186,-1228,-1221]} 1. d4 f5 2. Bg5 h6 3. Bd2 Nf6 4. e3 g5 $146 ({Predecessor:} 4... d6 5. Be2 g6 6. Nf3 Nc6 7. Nh4 Kf7 8. O-O e5 9. dxe5 dxe5 10. Bc4+ {½-½ (35) Moiseenko,A (2710)-Kuzubov,Y (2638) Kocaeli 2015}) 5. Be2 Bg7 $1 6. Bh5+ {A80: Dutch Defence: Unusual White second moves} Kf8 7. Bg6 (7. Be2 $11) 7... e6 $15 8. h4 {Black is slightly better.} Nc6 9. Nf3 g4 10. Ne5 Nxe5 $1 11. dxe5 Ne4 {...h5 is the strong threat.} 12. h5 Bxe5 {Threatens to win with ...g3.} 13. Nc3 Nxc3 14. Bxc3 Bxc3+ 15. bxc3 Qf6 16. Qd3 a5 (16... Ke7 $17 17. O-O-O Qe5) 17. O-O-O Ra6 {[%cal Ba8a6,Ba6c6,Bc6c3,Bc3c5,Bc5g5][%mdl 32]} 18. e4 fxe4 19. Qxe4 Rc6 20. Qxg4 {[#]} Ke7 $1 21. Rh3 Rxc3 22. Bd3 {[#]} ({White should try} 22. Rdd3 Rxd3 23. Bxd3) 22... Rc5 $1 $17 23. Kb1 Rg5 24. Qc4 Qxf2 25. Qxc7 Qxg2 26. Re3 (26. Bg6 $17) 26... Qc6 $19 27. Qf4 Qb6+ ({And not} 27... Rxh5 28. Rf1 $14) 28. Kc1 $2 (28. Ka1 Rf8 29. Qe4) 28... Rf8 {Black is clearly winning.} 29. Qe4 d5 30. Qh7+ Rf7 31. Qxf7+ Kxf7 32. Rf3+ Ke7 33. Bg6 Rg1 {Accuracy: White = 44%, Black = 96%.} 0-1

[Event "12th KIIT International 2019"]
[Site "Odisha"]
[Date "2019.06.05"]
[Round "8.17"]
[White "Gusain, Himal"]
[Black "Vatsal Singhania"]
[Result "1-0"]
[WhiteElo "2404"]
[BlackElo "2183"]
[Annotator "TA"]
[PlyCount "45"]
[EventDate "2019.05.31"]
[EventType "swiss"]
[EventCountry "IND"]
[SourceTitle "playchess.com"]
[Source "ChessBase"]
[SourceQuality "1"]

{[%evp 19,45,3,0,0,5,0,19,13,3,0,25,29,45,58,66,35,91,103,113,112,110,97,86,77,156,152,1041,1018]} 1. Nf3 Nf6 2. e3 d5 3. c4 e6 4. Nc3 Be7 5. b3 O-O 6. Bb2 b6 7. cxd5 exd5 8. d4 Bb7 9. Bd3 Nbd7 10. O-O a6 11. Ne5 {E14: Queen's Indian: Classical Variation (4 e3)} Bd6 12. f4 Ne4 13. Nxe4 {The position is equal.} dxe4 14. Be2 {[#]} b5 $146 ({Predecessor:} 14... Nf6 15. a3 Nd5 16. Qd2 Re8 17. Nc4 Bf8 18. Rac1 f6 {1-0 (86) Salem,A (2624)-Bacrot,E (2697) Berlin 2015}) 15. a4 bxa4 16. bxa4 Nb6 17. Qc2 Qe8 (17... Nd5 $14 18. Qxe4 Nc3) 18. Rfb1 $16 f6 19. Nc4 Bd5 20. Nxb6 cxb6 21. Bc1 Qb8 (21... Qd8 $142) 22. Bc4 Qb7 $2 {[#]} (22... Bxc4 $16 23. Qxc4+ Kh8) 23. Qxe4 $1 {Accuracy: White = 94%, Black = 15%.} 1-0

[Event "12th KIIT International 2019"]
[Site "Odisha"]
[Date "2019.06.05"]
[Round "8.18"]
[White "Panta, Sumit"]
[Black "Roy, Prantik"]
[Result "0-1"]
[WhiteElo "1999"]
[BlackElo "2365"]
[Annotator "RC"]
[PlyCount "122"]
[EventDate "2019.05.31"]
[EventType "swiss"]
[EventCountry "IND"]
[SourceTitle "playchess.com"]
[Source "ChessBase"]
[SourceQuality "1"]
[TimeControl "5400+30"]

1. e4 {[%emt 0:00:00]} c6 {[%emt 0:00:00]} 2. Nf3 {[%emt 0:00:31]} d5 {[%emt 0:00:00]} 3. Nc3 {[%emt 0:00:38]} Bg4 {[%emt 0:01:04]} 4. h3 {[%emt 0:09:36]} Bxf3 {[%emt 0:00:16]} 5. Qxf3 {[%emt 0:00:23]} e6 {[%emt 0:00:20]} 6. exd5 {[%emt 0:01:22]} cxd5 {[%emt 0:01:12]} 7. Bb5+ {[%emt 0:03:15]} Nc6 {[%emt 0:01:06]} 8. O-O {[%emt 0:00:14]} Nf6 {[%emt 0:02:12]} 9. Ne2 {[%emt 0:03:01]} Be7 {[%emt 0:04:50]} 10. d4 {[%emt 0:00:47]} a6 {[%emt 0:04:04]} 11. Ba4 {[%emt 0:02:31]} b5 {[%emt 0:02:28]} 12. Bb3 {[%emt 0:00:02]} Na5 {[%emt 0:01:47]} 13. c3 {[%emt 0:06:30]} Nxb3 {[%emt 0:00:38]} 14. axb3 {[%emt 0:00:02]} O-O {[%emt 0:00:28]} 15. Nf4 {[%emt 0:00:50]} Qb6 {[%emt 0:05:44]} 16. Be3 {[%emt 0:05:26]} Rfc8 {[%emt 0:05:20]} 17. Rfc1 {[%emt 0:00:31]} Bd6 {[%emt 0:03:45]} 18. Nd3 Ne4 {[%emt 0:00:40]} 19. b4 {[%emt 0:09:07]} a5 {[%emt 0:05:50]} 20. bxa5 {[%emt 0:06:45]} Rxa5 {[%emt 0:00:10]} 21. Rxa5 {[%emt 0:01:42]} Qxa5 {[%emt 0:00:06]} 22. b4 {[%emt 0:02:49]} Qa2 {[%emt 0:04:08]} 23. Nc5 {[%emt 0:00:21]} Bxc5 {[%emt 0:01:02]} 24. dxc5 {[%emt 0:04:01]} Qb2 {[%emt 0:06:04]} 25. Bf4 {[%emt 0:08:06]} Ra8 {[%emt 0:09:02]} 26. Qe3 {[%emt 0:01:52]} f6 {[%emt 0:05:51]} 27. Qd4 {[%emt 0:07:03]} g5 {[%emt 0:08:18]} 28. Be3 {[%emt 0:02:02]} Kf7 {[%emt 0:00:25]} 29. c6 {[%emt 0:10:10]} Qa2 {[%emt 0:02:22]} 30. Qb6 {[%emt 0:01:27]} Qa6 {[%emt 0:01:17]} 31. Qc7+ {[%emt 0:02:14]} Kg6 {[%emt 0:00:10]} 32. Qd7 {[%emt 0:00:24]} Rc8 {[%emt 0:08:24]} 33. f3 {[%emt 0:01:50]} Ng3 {[%emt 0:00:27]} 34. Kh2 {[%emt 0:00:32]} Nf5 {[%emt 0:02:59]} 35. Bb6 {[%emt 0:02:50]} Ne7 {[%emt 0:02:32]} 36. Qxe7 {[%emt 0:00:59]} Qxb6 {[%emt 0:00:05]} 37. Qxe6 {[%emt 0:00:23]} Qxc6 {[%emt 0:00:25]} 38. Qe3 {[%emt 0:03:47]} Qc4 {[%emt 0:03:15]} 39. Rd1 {[%emt 0:00:35]} Kf7 {[%emt 0:01:33]} 40. Rd4 {[%emt 0:00:38]} Qc7+ {[%emt 0:01:40]} 41. Kh1 {[%emt 0:00:02]} Re8 {[%emt 0:00:57]} 42. Qc1 {[%emt 0:00:51]} Qg3 {[%emt 0:00:37]} 43. Rd1 {[%emt 0:00:04]} Re2 {[%emt 0:00:46]} 44. Rg1 {[%emt 0:00:06]} Qe5 {[%emt 0:01:40]} 45. Qa1 {[%emt 0:01:16]} h5 {[%emt 0:02:04]} 46. Qa7+ {[%emt 0:01:05]} Kg6 {[%emt 0:00:13]} 47. Qa8 {[%emt 0:00:28]} Qe6 {[%emt 0:00:43]} 48. Qb7 {[%emt 0:00:57]} g4 {[%emt 0:01:17]} 49. fxg4 {[%emt 0:00:46]} hxg4 50. Qxb5 {[%emt 0:00:25]} Qe4 {[%emt 0:00:44]} 51. Qb8 {[%emt 0:01:16]} f5 {[%emt 0:01:25]} 52. Qg8+ {[%emt 0:00:31]} Kh6 {[%emt 0:00:19]} 53. hxg4 {[%emt 0:00:48]} fxg4 {[%emt 0:00:15]} 54. Qh8+ {[%emt 0:00:14]} Kg5 {[%emt 0:00:25]} 55. Qg7+ {[%emt 0:00:12]} Kf4 {[%emt 0:00:48]} 56. Qh6+ {[%emt 0:00:26]} Kg3 {[%emt 0:00:42]} 57. Qh2+ {[%emt 0:01:23]} Kf2 {[%emt 0:00:02]} 58. Rf1+ {[%emt 0:00:43]} Ke3 {[%emt 0:00:12]} 59. Qg1+ {[%emt 0:00:38]} Kd3 {[%emt 0:01:09]} 60. Rd1+ {[%emt 0:00:32]} Kc2 {[%emt 0:01:00]} 61. Rc1+ {[%emt 0:00:33]} Kb2 {[%emt 0:00:09]} 0-1

[Event "12th KIIT International 2019"]
[Site "Odisha"]
[Date "2019.06.05"]
[Round "8.19"]
[White "Panigrahi, Manoj Kumar"]
[Black "Saurabh Anand"]
[Result "0-1"]
[WhiteElo "2012"]
[BlackElo "2351"]
[Annotator "TA"]
[PlyCount "92"]
[EventDate "2019.05.31"]
[EventType "swiss"]
[EventCountry "IND"]
[SourceTitle "playchess.com"]
[Source "ChessBase"]
[SourceQuality "1"]

{[%evp 17,92,19,27,16,53,22,24,0,0,0,0,8,12,7,27,31,28,35,51,58,58,40,18,14,227,12,82,59,96,75,155,97,151,135,352,337,351,322,316,314,461,461,445,447,420,316,300,327,298,169,146,-32,-32,-35,-35,-35,0,0,0,-63,-63,-344,-217,-665,-649,-649,-193,-595,-217,-358,-217,-217,-63,-217,-209,-202,-202]} 1. e4 e5 2. Nf3 Nc6 3. Bb5 a6 4. Ba4 Nf6 5. d3 d6 6. O-O g6 7. c3 Bg7 8. Re1 O-O 9. Nbd2 b5 10. Bc2 {C77: Ruy Lopez: 3...a6 4 Ba4 Nf6, unusual lines} Nb8 (10... Re8 11. a4 Bb7 12. b4 d5 13. Nb3 dxe4 14. dxe4 Nd7 15. Qe2 bxa4 16. Rxa4 Qe7 17. Be3 Nb6 {1-0 (39) Zhao,J (2627)-Kollars,D (2564) chess.com INT 2019}) 11. Nf1 Nbd7 12. d4 {White has an edge.} Bb7 13. Ng3 Re8 14. h3 d5 15. dxe5 Nxe5 16. Nxe5 Rxe5 17. f4 $36 {[%mdl 2048] Black is under pressure.} Re8 {[%cal Rf6e4]} 18. e5 Nd7 19. Qg4 $146 ({Predecessor:} 19. Be3 Rc8 20. Qg4 Nf8 21. Rad1 f6 22. exf6 Qxf6 {1-0 (35) Espinola Martin,M-Viz Vazquez,A Oropesa del Mar 1999}) 19... c5 20. Bd2 Nb6 $2 (20... a5 $11) 21. Rad1 $2 (21. f5 $1 $18) 21... d4 (21... Qc8 $11) 22. Be4 $16 Bxe4 $1 23. Nxe4 Qd5 (23... Na4 $142) 24. Nd6 (24. Qf3 $142) 24... Re7 (24... f5 $142 25. Qg3 Re6) 25. cxd4 Qxd4+ $2 (25... Na4 $16 {was necessary.}) 26. Be3 $18 Qxb2 27. Bxc5 Na4 28. Re2 h5 (28... Qxe2 $142 29. Qxe2 Nxc5) 29. Qf3 ({And not} 29. Rxb2 hxg4 30. Rc2 Nxc5 $11) 29... Qxe2 30. Qxe2 Nxc5 31. g4 hxg4 32. hxg4 ({But not} 32. Qxg4 Rd8 $18) 32... Rd8 33. g5 (33. Qe3 $142 Ne6 34. f5) 33... Ne6 34. Qe3 $2 (34. Rf1 $16) 34... Nxf4 $1 $15 {[%mdl 64] Remove Defender} 35. Qxf4 Bxe5 36. Qf3 {Hoping for Nf5.} Rxd6 37. Rxd6 Bxd6 {[%mdl 4096] Endgame KQ-KRB} 38. Qc6 ({Better is} 38. Qa8+ $11 Kh7 39. Qxa6 {[%mdl 64] Double Attack} Bc5+ 40. Kg2) 38... Re6 {( -> ...Bh2+!)} 39. Kg2 $2 {[%mdl 8192] [#]} (39. Qd5 $15) 39... Bf8 $1 $19 40. Qd5 $2 (40. Qc2) 40... Rd6 41. Qb3 Rc6 $2 (41... Rd2+ 42. Kf3 a5) 42. Kf3 $2 (42. a4 {nothing else works.}) 42... Rc5 $2 (42... Rc4 43. Qb2 Rc5) 43. Qe3 (43. Qd1 {was forced.}) 43... b4 {And now ...Rc3 would win.} 44. Qd2 Be7 $2 ({Black should play} 44... a5 $19 45. Qd8 a4) 45. Ke4 $2 (45. Qe2 $15 Rf5+ 46. Kg4 Rxg5+ 47. Kf3 Rf5+ 48. Kg2) 45... Rxg5 46. Qd7 {[#]} Bf8 $1 {Accuracy: White = 35%, Black = 37%.} 0-1

[Event "12th KIIT International 2019"]
[Site "Odisha"]
[Date "2019.06.06"]
[Round "9.1"]
[White "Turov, Maxim"]
[Black "Iturrizaga Bonelli, Eduardo"]
[Result "1/2-1/2"]
[WhiteElo "2579"]
[BlackElo "2637"]
[Annotator "TA"]
[PlyCount "51"]
[EventDate "2019.05.31"]
[EventType "swiss"]
[EventCountry "IND"]
[SourceTitle "playchess.com"]
[Source "ChessBase"]
[SourceQuality "1"]

{[%evp 20,51,19,15,49,14,26,14,22,0,16,1,0,0,24,-19,-16,0,0,0,0,0,0,-32,0,0,0,0,7,0,0,0,0,0]} 1. d4 Nf6 2. c4 e6 3. Nc3 Bb4 4. Qc2 O-O 5. a3 Bxc3+ 6. Qxc3 b6 7. Bg5 Bb7 8. f3 h6 9. Bh4 c5 10. dxc5 bxc5 11. e3 a5 {E32: Nimzo-Indian: Classical (4 Qc2): 4...0-0} (11... d6 12. Nh3 Nbd7 13. Be2 a5 14. Bg3 Qb6 15. Rd1 d5 16. O-O a4 17. Rd2 Bc6 18. Rc1 Rfc8 19. Bf2 {½-½ (19) Kharitonov,A (2558)-Nikolov,M (2561) Aghios Kirykos 2017}) 12. Bd3 d6 13. Ne2 Nbd7 14. Bg3 Qb6 15. Rd1 $146 ({Predecessor:} 15. b3 e5 16. e4 Nb8 17. O-O Nc6 18. Bf2 Nd4 19. Rab1 {1-0 (36) Houriez,C (2304)-Ben Farahat,R Puerto Madryn 2009}) 15... d5 16. O-O a4 17. Bb1 Ba6 18. Ba2 e5 19. Qc2 d4 20. Nc1 Bb7 21. Rfe1 Rfe8 22. exd4 {The position is equal.} exd4 23. Nd3 Bc6 24. Rxe8+ Rxe8 25. Re1 Rxe1+ 26. Bxe1 {Accuracy: White = 60%, Black = 51%.} 1/2-1/2

[Event "12th KIIT International 2019"]
[Site "Odisha"]
[Date "2019.06.06"]
[Round "9.2"]
[White "Shyaamnikhil P"]
[Black "Neverov, Valeriy"]
[Result "0-1"]
[WhiteElo "2434"]
[BlackElo "2495"]
[Annotator "TA"]
[PlyCount "70"]
[EventDate "2019.05.31"]
[EventType "swiss"]
[EventCountry "IND"]
[SourceTitle "playchess.com"]
[Source "ChessBase"]
[SourceQuality "1"]

{[%evp 11,70,9,45,23,45,46,53,0,40,31,48,0,0,-7,-8,-29,0,0,0,0,0,0,14,0,0,0,0,0,0,0,0,0,0,-6,0,-54,-35,-72,0,-126,-111,-192,-192,-204,-186,-182,-166,-343,-147,-495,-479,-474,-467,-766,-659,-29947,-29947,-29987,-29988,-29988,-29989]} 1. e4 c5 2. Nf3 d6 3. d4 cxd4 4. Nxd4 Nf6 5. Nc3 a6 6. h3 Nc6 7. g4 {B90: Sicilian Najdorf: Unusual White 6th moves, 6 Be3 Ng4 and 6 Be3 e5} (7. Be3 Nxd4 8. Qxd4 e5 9. Qb6 Qxb6 10. Bxb6 Be6 11. O-O-O Rc8 12. Ba5 Be7 13. Bb4 Rd8 14. Be2 d5 15. exd5 Nxd5 {½-½ (41) Ponomariov,R (2682)-Korobov,A (2756) Hengshui 2019}) 7... Nxd4 8. Qxd4 e5 9. Qd1 ({White should play} 9. Qd3 $14) 9... Be6 10. g5 $146 ({Predecessor:} 10. Bg2 Be7 11. O-O O-O 12. Be3 b5 13. Qd2 Rc8 14. a3 Qc7 {½-½ (32) Golubev,R (2340)-Mischuk,D (2361) Kolomna 2016}) 10... Nd7 11. a4 Be7 12. h4 Rc8 13. Nd5 Bxd5 14. exd5 h6 15. gxh6 gxh6 16. a5 Bxh4 17. Qg4 Bf6 $1 18. c3 Ke7 19. Rxh6 Qc7 20. Rxh8 Rxh8 21. Be3 Nc5 22. Qg2 Qc8 23. Rd1 (23. O-O-O $11) 23... Rh4 24. Be2 Ne4 ({Black should try} 24... Nb3 $1 $17) 25. Bf3 (25. Bd3 $11 {keeps the balance.} Nc5 26. Be2) 25... Qf5 $17 26. Kf1 {[#]} (26. Ra1 $17) 26... Ng5 $1 $19 {[%cal Rg5f3]} 27. Bxg5 Bxg5 28. Re1 Qd3+ 29. Be2 $2 {[#]} (29. Kg1 {might work better.} Bf4 30. Be4) 29... Qg6 $40 {[%mdl 128] White is in trouble.} (29... Qh7 $1 $19 {has better winning chances.} 30. Bf3 (30. Qxg5+ $2 f6 $19) 30... Bf4) 30. Rd1 $2 {[%mdl 8192]} (30. Bf3 $17 {was the crucial defense.}) 30... Qh6 {( -> ...Rh1+)} 31. Bf3 f5 32. Ke1 (32. Re1 $142 Kf7 33. Ke2) 32... e4 33. Be2 Rh2 {Black mates.} 34. Qg3 Rh1+ 35. Bf1 Bh4 {Accuracy: White = 31%, Black = 61%.} 0-1

[Event "12th KIIT International 2019"]
[Site "Odisha"]
[Date "2019.06.06"]
[Round "9.3"]
[White "Amonatov, Farrukh"]
[Black "Gusain, Himal"]
[Result "1-0"]
[WhiteElo "2624"]
[BlackElo "2404"]
[Annotator "ChessBase"]
[PlyCount "89"]
[EventDate "2019.05.31"]
[EventType "swiss"]
[EventCountry "IND"]
[TimeControl "5400+30"]

1. e4 {[%emt 0:00:00]} d6 {[%emt 0:03:13]} 2. d4 {[%emt 0:00:00]} Nf6 {[%emt 0:00:07]} 3. Nc3 {[%emt 0:00:00]} g6 {[%emt 0:00:07]} 4. f4 {[%emt 0:00:00]} Bg7 {[%emt 0:00:06]} 5. Nf3 {[%emt 0:00:00]} c6 {[%emt 0:04:09]} 6. Bd3 {[%emt 0:00:01]} Nbd7 {[%emt 0:02:40]} 7. e5 {[%emt 0:01:53]} Nd5 {[%emt 0:00:23]} 8. Nxd5 {[%emt 0:00:34]} cxd5 {[%emt 0:00:10]} 9. O-O {[%emt 0:00:05]} Nb6 {[%emt 0:05:40]} 10. c3 {[%emt 0:09:58]} O-O {[%emt 0:07:41]} 11. Qe1 {[%emt 0:01:55]} dxe5 {[%emt 0:01:24]} 12. fxe5 {[%emt 0:00:19]} f6 {[%emt 0:00:05]} 13. Bf4 {[%emt 0:02:27]} Bg4 {[%emt 0:02:29]} 14. Nd2 {[%emt 0:15:10]} Qd7 {[%emt 0:05:01]} 15. h3 {[%emt 0:02:01]} Be6 {[%emt 0:00:26]} 16. Qe2 {[%emt 0:00:22]} a6 {[%emt 0:00:48]} 17. b3 {[%emt 0:10:42]} Rac8 {[%emt 0:06:53]} 18. Rac1 {[%emt 0:01:59]} Na8 {[%emt 0:07:12]} 19. a4 {[%emt 0:02:54]} Nc7 {[%emt 0:01:37]} 20. Rce1 {[%emt 0:03:53]} Bf7 {[%emt 0:02:09]} 21. Nf3 {[%emt 0:00:21]} Ne6 {[%emt 0:03:18]} 22. Bd2 {[%emt 0:01:32]} Rfe8 {[%emt 0:02:25]} 23. h4 {[%emt 0:02:59]} h5 {[%emt 0:43:27]} 24. Ng5 fxg5 25. Rxf7 Kxf7 26. Qf3+ Bf6 27. hxg5 Qd8 28. Rf1 Nf8 29. gxf6 exf6 30. Bg5 Kg8 {[%emt 0:00:00]} 31. Bxf6 Qd7 {[%emt 0:00:00]} 32. Bc2 b5 {[%emt 0:00:00]} 33. axb5 axb5 {[%emt 0:00:00]} 34. b4 Qc6 {[%emt 0:00:00]} 35. Bxg6 Nxg6 {[%emt 0:00:00]} 36. Qxh5 Kf7 {[%emt 0:00:00]} 37. Bg5+ Kg8 {[%emt 0:00:00]} 38. Rf6 Qxf6 {[%emt 0:00:00]} 39. Bxf6 Nf8 {[%emt 0:00:00]} 40. Qf3 Re6 {[%emt 0:00:00]} 41. Qxd5 Rxc3 {[%emt 0:00:00]} 42. Qxb5 Rc1+ {[%emt 0:00:00]} 43. Kh2 Rec6 {[%emt 0:00:00]} 44. Qd5+ Re6 {[%emt 0:00:00]} 45. Qb7 1-0

[Event "12th KIIT International 2019"]
[Site "Odisha"]
[Date "2019.06.06"]
[Round "9.4"]
[White "Lugovskoy, Maxim"]
[Black "Ter-Sahakyan, Samvel"]
[Result "0-1"]
[WhiteElo "2451"]
[BlackElo "2611"]
[Annotator "TA"]
[PlyCount "52"]
[EventDate "2019.05.31"]
[EventType "swiss"]
[EventCountry "IND"]
[SourceTitle "playchess.com"]
[Source "ChessBase"]
[SourceQuality "1"]

{[%evp 11,58,16,18,29,12,0,2,-8,-12,-40,-2,-25,-26,-40,-37,-44,-33,-35,-34,-58,-55,-59,-52,-82,-78,-67,-82,-88,-90,-87,-76,-79,-89,-130,-116,-327,-325,-313,-264,-322,-309,-319,-268,-566,-565,-535,-520,-1172,-1164]} 1. d4 Nf6 2. Nf3 d5 3. g3 e6 4. Bg2 b5 5. O-O Nbd7 6. a4 b4 7. c4 {D02: 1 d4 d5 2 Nf3 sidelines, including 2...Nf6 3 g3 and 2...Nf6 3 Bf4} (7. a5 Ba6 8. c3 bxc3 9. bxc3 c5 10. Qa4 Bxe2 11. Re1 Bxf3 12. Bxf3 Be7 13. Bf4 O-O 14. Nd2 Re8 {1-0 (35) Kamsky,G (2732)-Ponomariov,R (2723) Beijing 2011}) 7... bxc3 8. bxc3 Ba6 9. Ba3 {The position is equal.} Bd6 10. Re1 O-O 11. Nfd2 (11. Ne5 $5) 11... Rc8 $146 ({Predecessor:} 11... Rb8 12. e4 Nxe4 13. Nxe4 dxe4 14. Bxe4 Nf6 {0-1 (36) Konovalov,A-Shalimov,V (2381) Alushta 2007}) 12. e4 dxe4 13. Nxe4 Nxe4 14. Bxe4 c5 15. Bd3 Bb7 16. Nd2 Nf6 17. Be4 {[#]} Ba6 $1 18. dxc5 Bxc5 19. Bf3 Bxa3 20. Rxa3 Qe7 21. Qc1 Rfd8 {...Rxd2! is the strong threat.} 22. Ne4 Nd7 23. Rb3 $2 (23. Ra1 $17) 23... Ne5 $19 24. Be2 Bc4 25. Qa3 Qc7 26. Rbb1 Qc6 {Played: Bc4-d3} 0-1

[Event "12th KIIT International 2019"]
[Site "Odisha"]
[Date "2019.06.06"]
[Round "9.5"]
[White "Manik, Mikulas"]
[Black "Petrosyan, Manuel"]
[Result "0-1"]
[WhiteElo "2399"]
[BlackElo "2573"]
[Annotator "TA"]
[PlyCount "90"]
[EventDate "2019.05.31"]
[EventType "swiss"]
[EventCountry "IND"]
[SourceTitle "playchess.com"]
[Source "ChessBase"]
[SourceQuality "1"]

{[%evp 15,90,20,22,19,31,25,27,0,10,10,13,7,3,0,16,12,7,7,29,4,35,32,40,15,41,0,14,0,0,0,16,0,0,-12,-13,-13,-15,-23,-13,-32,-29,-33,-16,-16,-16,-16,-16,-20,-16,-20,-16,-28,-28,-33,-41,-29,-27,-43,-22,-14,-2,-12,-12,-23,-12,-142,-58,-59,-48,-48,-48,-48,-35,-35,-42,-175,-154]} 1. e4 e5 2. Nf3 Nc6 3. Bb5 a6 4. Ba4 Nf6 5. O-O Be7 6. d3 b5 7. Bb3 d6 8. a4 Bd7 9. c3 {C84: Closed Ruy Lopez: Unusual White 6th moves} O-O (9... Na5 10. Bc2 c5 11. Nbd2 O-O 12. Re1 Nc6 13. h3 h6 14. Nf1 Be6 15. Ne3 Re8 16. Bb3 Bf8 17. Bxe6 fxe6 18. Ng4 b4 19. Nxf6+ Qxf6 {½-½ (29) Le,Q (2715)-Inarkiev,E (2692) Sharjah 2019}) 10. Re1 Na5 11. Ba2 {White has an edge.} c5 12. axb5 axb5 13. Bg5 Nc6 $146 ({Predecessor:} 13... h6 14. Bh4 Qc7 15. Nbd2 Ra7 16. Rc1 c4 {1-0 (33) Khatanbaatar,B (2440)-Matsuo,T (2180) Singapore 1995}) 14. Nbd2 {[%cal Bb1d2,Bd2f1,Bf1e3][%mdl 32]} h6 15. Bxf6 Bxf6 16. Nf1 g6 17. Bd5 Rb8 18. Ne3 Qc8 19. Qb3 Bd8 20. Ra2 Kg7 21. Rea1 Ne7 22. Ra8 Bb6 23. Rxb8 Qxb8 24. Ra8 (24. Nd2 {seems wilder.} Qc7 25. g3 Rb8 26. Qd1 Qc8 27. h4) 24... Qc7 $1 25. Rxf8 Kxf8 26. Qa2 Be8 27. c4 b4 28. h4 h5 29. Ng5 Qa7 30. Qxa7 Bxa7 31. b3 Bb6 32. g3 Bd8 33. Kg2 Ng8 34. f3 Kg7 35. Kf2 Nf6 36. f4 Nh7 37. Nf3 Bf6 38. fxe5 Bxe5 39. Nxe5 dxe5 $11 {[%mdl 4096] Endgame KBN-KBN} 40. g4 {[#]} (40. Nc2 $11 {remains equal.}) 40... hxg4 (40... Nf6 $1 $17 41. g5 Nh7) 41. Nxg4 $15 f6 42. Nh2 Kf8 43. Nf1 Ke7 44. Ne3 Nf8 45. Bb7 (45. Kg3 $15) 45... Ne6 {Accuracy: White = 51%, Black = 50%.} 0-1